00553cam a22001935a 450000500170000001000290001702000260004603500130007203500180008503700130010303700270011608200100014310000290015324500760018226000360025830000270029450000200032170000180034120091109141235.0 aENG-95667 B-424833-841 a9788120337299c250.00 aEN-79200 a B-424833-841 aDBAD/PUB aResearchco Book Centre a651.7 aDebasish, Sathya Swaroop aBusiness communication /cby Sathya Swaroop Debasish [and] Bhagaban Das aNew DelhibPHI Learning c2009. axiv, 331p.c24cm.(Pbk) aIncludes Index aDas, Bhagaban